000 00306nam a2200133Ia 4500
005 20251222155210.0
008 251222s9999||||xx |||||||||||||| ||spa||
082 _aEBA. 09
100 _aMARTINEZ E.
245 0 _aValoración del Estado de Salud
250 _a1ra. ed.
264 _bOPS/OMS
942 _cLIB
999 _c40272
_d40272